Ley de Arrendamientos Urbanos de 31 de diciembre de 1946 / (Record no. 95515)

MARC details
000 -LEADER
campo de control de longitud fija 00645nam a2200181 i 4500
001 - NÚMERO DE CONTROL
campo de control 95515
003 - IDENTIFICADOR DE NÚMERO DE CONTROL
campo de control ES-MaACL
005 - FECHA Y HORA DE LA ÚLTIMA TRANSACCIÓN
campo de control 20230906181725.0
007 - CAMPO FIJO DE DESCRIPCIÓN FÍSICA--INFORMACIÓN GENERAL
campo de control de longitud fija t|
008 - DATOS DE LONGITUD FIJA--INFORMACIÓN GENERAL
campo de control de longitud fija 050531s1947 sp ||||1| spa d
100 1# - ENTRADA PRINCIPAL--NOMBRE DE PERSONA
Nombre de persona Llanas de Niubó, Renato.
9 (RLIN) 72684
245 10 - MENCIÓN DEL TÍTULO
Título Ley de Arrendamientos Urbanos de 31 de diciembre de 1946 /
Mención de responsabilidad, etc. exposición y comentarios de Renato Llanas de Niubó, A. Llamas Pérez.
260 ## - PUBLICACIÓN, DISTRIBUCIÓN, ETC.
Lugar de publicación, distribución, etc. Barcelona :
Nombre del editor, distribuidor, etc. [s.n.],
Fecha de publicación, distribución, etc. 1947 (
Fabricante Talls. Gráficos Agustín Núñez)
300 ## - DESCRIPCIÓN FÍSICA
Extensión 205 p. ;
Dimensiones 23 cm.
650 #4 - PUNTO DE ACCESO ADICIONAL DE MATERIA--TÉRMINO DE MATERIA
Término de materia o nombre geográfico como elemento de entrada Arrendamiento urbano-
Subdivisión geográfica España.
9 (RLIN) 10063
700 1# - ENTRADA AGREGADA--NOMBRE PERSONAL
Nombre de persona Llamas Pérez, A.
9 (RLIN) 72671
852 ## - LOCALIZACIÓN
Ubicación ES-MaACL
Número de control de estantería C-5016
Sublocalización o colección R.25378
Holdings
Estatus retirado Estado de pérdida Estado de daño No para préstamo Biblioteca de origen Biblioteca actual Ubicación en estantería Fecha de adquisición Fuente de adquisición Total de préstamos Signatura topográfica completa Código de barras Visto por última vez Precio de reemplazo Tipo de ítem Koha
        Biblioteca del Ateneo de Madrid Biblioteca del Ateneo de Madrid Sala Palomar 17/01/2008     C-5016 1099736 23/02/2023 23/02/2023 Libro impreso